000
00293nam a22001337a 4500
008
170929b xxu||||| |||| 00| 0 eng d
020
_a
0226816214
041
_a
eng
080
_2
4TH
_a
37
100
_a
47
101
_a
EDU
245
_a
A MANUAL FOR WRITERS
_c
TURABIAN,K.L
942
_2
udc
_c
BK
999
_c
30630
_d
30630